Dlaczego { twój kraj } .......... - Statystyki

Ogólne statystyki
  • Ten quiz został rozwiązany 3 razy
  • Średni wynik to 4 z 10
Statystyki odpowiedzi
Temat Kraj Autodokończenie % Poprawnych
Finanse Dlaczego Francja jest bogata
100%
Finanse Dlaczego Irlandia jest bogata
67%
Nazwa Dlaczego Włochy a nie Italia
33%
Stosunki Dlaczego Słowacja jest prorosyjska
33%
Stosunki Dlaczego Serbia jest prorosyjska
33%
Stosunki Dlaczego Węgry nie lubią Ukrainy
33%
Wojna Dlaczego Polska nie ma broni jądrowej
33%
Finanse Dlaczego Czechy nie mają Euro
33%
Wojna Dlaczego Hiszpania nie podbiła Portugalii
33%
Wojna Dlaczego Niemcy przegrali wojnę
33%
Nie znaleziono quizów pasujących do podanych kryteriów
Rozkład punktacji
Procent ludzi z każdym wynikiem
Percentyl według liczby udzielonych odpowiedzi
Twoja historia wyników
Nie rozwiązałeś tego quizu